War and peace/ (Record no. 167752)
[ view plain ]
| 000 -LEADER | |
|---|---|
| fixed length control field | 00521nam a22001937a 4500 |
| 005 - DATE AND TIME OF LATEST TRANSACTION | |
| control field | 20190918151315.0 |
| 010 ## - LCCN (DPL NO) | |
| LC control number | ENG-126488 |
| 020 ## - INTERNATIONAL STANDARD BOOK NUMBER | |
| Terms of availability | 395.00 |
| International Standard Book Number | 9789380005348 |
| 035 ## - SYSTEM CONTROL NUMBER | |
| System control number | EN-110020 |
| 037 ## - SOURCE OF ACQUISITION | |
| Source of stock number/acquisition | DBAD/PUB |
| 082 ## - DEWEY DECIMAL CLASSIFICATION NUMBER | |
| Classification number | N |
| 100 ## - MAIN ENTRY--PERSONAL NAME | |
| Personal name | Tolstoy ,Leo |
| 245 ## - TITLE STATEMENT | |
| Title | War and peace/ |
| Statement of responsibility, etc | By Leo Tolstoy |
| 260 ## - PUBLICATION, DISTRIBUTION, ETC. (IMPRINT) | |
| Place of publication, distribution, etc | Noida |
| Name of publisher, distributor, etc | Maple Press |
| Date of publication, distribution, etc | 2018 |
| 270 ## - ADDRESS | |
| City | Noida |
| Address | A-63 ,Sector 58 |
| Postal code | 201301 |
| Electronic mail address | info@maplepress.co.in |
| Telephone number | 911204553581 |
| 300 ## - PHYSICAL DESCRIPTION | |
| Extent | 1081p. |
| Dimensions | 22cm(pbk) |
| 650 ## - SUBJECT ADDED ENTRY--TOPICAL TERM | |
| Topical term or geographic name as entry element | ENGLISH NOVEL |
| 942 ## - ADDED ENTRY ELEMENTS (KOHA) | |
| Source of classification or shelving scheme | Dewey Decimal Classification |
| Item type | English Books |
| Classification part | N |
| Call number suffix | TOL |
| Withdrawn status | Lost status | Not for loan | Collection code | Home library | Current library | Date acquired | Source of acquisition | Cost, normal purchase price | Full call number | Barcode | Copy number | Cost, replacement price | Koha item type |
|---|---|---|---|---|---|---|---|---|---|---|---|---|---|
| Fiction | Central Library | Central Library | 18/09/2019 | DBAD/PUB | 395.00 | N TOL | EN-110020 | 1 | 395.00 | English Books |
